[Event "Deutsche Ländermeisterschaft 2023"]
[Site "Hannover GER"]
[Date "2023.10.03"]
[Round "4"]
[White "Margaryan, Mane"]
[Black "Rafikova, Ailin"]
[Result "1-0"]
[Termination "normal"]
[Board "4.8"]
[WhiteElo "1382"]
[BlackElo "1359"]
[WhiteClock "00:03:26"]
[BlackClock "00:01:10"]
[WhiteTeam "Schleswig-Holstein"]
[BlackTeam "Baden"]
[PlyCount "75"]
[WhiteFideId "16268237"]
[BlackFideId "34612173"]
[EventCountry "GER"]
[EventRounds "7"]
[EventType "team-swiss"]
[EventDate "2023.09.30"]

1. d4 {[%clk 01:30:56]} {[%emt 00:00:04]} Nf6 {[%clk 01:30:46]} {[%emt
00:00:14]} 2. c4 {[%clk 01:30:59]} {[%emt 00:00:27]} g6 {[%clk 01:30:46]}
{[%emt 00:00:30]} 3. Nc3 {[%clk 01:31:17]} {[%emt 00:00:13]} Bg7 {[%clk
01:30:44]} {[%emt 00:00:32]} 4. Nf3 {[%clk 01:31:33]} {[%emt 00:00:14]} d6
{[%clk 01:28:44]} {[%emt 00:02:29]} 5. Bg5 {[%clk 01:31:11]} {[%emt 00:00:52]}
Nbd7 {[%clk 01:27:23]} {[%emt 00:01:51]} 6. e3 {[%clk 01:29:10]} {[%emt
00:02:31]} c5 {[%clk 01:23:25]} {[%emt 00:04:27]} 7. d5 {[%clk 01:28:17]}
{[%emt 00:01:24]} a6 {[%clk 01:20:20]} {[%emt 00:03:33]} 8. a4 {[%clk
01:26:55]} {[%emt 00:01:53]} h6 {[%clk 01:14:33]} {[%emt 00:06:16]} 9. Bf4
{[%clk 01:25:06]} {[%emt 00:02:20]} Nh5 {[%clk 01:11:21]} {[%emt 00:03:42]} 10.
Bg3 {[%clk 01:23:28]} {[%emt 00:02:08]} Nxg3 {[%clk 01:09:06]} {[%emt
00:02:44]} 11. fxg3 {[%clk 01:21:23]} {[%emt 00:02:35]} Ne5 {[%clk 01:07:04]}
{[%emt 00:02:32]} 12. Be2 {[%clk 01:19:40]} {[%emt 00:02:12]} O-O {[%clk
00:58:51]} {[%emt 00:08:43]} 13. O-O {[%clk 01:19:36]} {[%emt 00:00:34]} b6
{[%clk 00:53:40]} {[%emt 00:05:41]} 14. h3 {[%clk 01:13:15]} {[%emt 00:06:51]}
e6 {[%clk 00:47:49]} {[%emt 00:06:20]} 15. e4 {[%clk 01:12:02]} {[%emt
00:01:43]} Nxf3+ {[%clk 00:40:38]} {[%emt 00:07:40]} 16. Bxf3 {[%clk 01:11:36]}
{[%emt 00:00:57]} e5 {[%clk 00:38:25]} {[%emt 00:02:44]} 17. Qc2 {[%clk
01:04:33]} {[%emt 00:07:35]} f5 {[%clk 00:36:28]} {[%emt 00:02:24]} 18. Rfb1
{[%clk 01:02:59]} {[%emt 00:02:06]} fxe4 {[%clk 00:32:18]} {[%emt 00:04:40]}
19. Bxe4 {[%clk 01:00:50]} {[%emt 00:02:38]} Bf5 {[%clk 00:30:59]} {[%emt
00:01:49]} 20. g4 {[%clk 00:55:34]} {[%emt 00:05:47]} Bxe4 {[%clk 00:28:25]}
{[%emt 00:03:03]} 21. Nxe4 {[%clk 00:53:12]} {[%emt 00:02:53]} Qe7 {[%clk
00:27:28]} {[%emt 00:01:26]} 22. b4 {[%clk 00:48:55]} {[%emt 00:04:48]} Bf6
{[%clk 00:20:12]} {[%emt 00:07:46]} 23. bxc5 {[%clk 00:46:10]} {[%emt
00:03:16]} bxc5 {[%clk 00:18:23]} {[%emt 00:02:18]} 24. Rb6 {[%clk 00:45:01]}
{[%emt 00:01:38]} Rfd8 {[%clk 00:16:39]} {[%emt 00:02:15]} 25. Rab1 {[%clk
00:42:11]} {[%emt 00:03:22]} Bg5 {[%clk 00:12:43]} {[%emt 00:04:25]} 26. Rc6
{[%clk 00:37:51]} {[%emt 00:04:51]} Be3+ {[%clk 00:11:39]} {[%emt 00:01:33]}
27. Kh1 {[%clk 00:37:45]} {[%emt 00:00:36]} Rd7 {[%clk 00:09:44]} {[%emt
00:02:25]} 28. Rbb6 {[%clk 00:35:08]} {[%emt 00:03:06]} Rf8 {[%clk 00:03:10]}
{[%emt 00:07:05]} 29. Qd3 {[%clk 00:30:33]} {[%emt 00:05:07]} Bd4 {[%clk
00:01:51]} {[%emt 00:01:49]} 30. Rxd6 {[%clk 00:28:32]} {[%emt 00:02:31]} Rxd6
{[%clk 00:02:01]} {[%emt 00:00:19]} 31. Rxd6 {[%clk 00:28:20]} {[%emt
00:00:43]} Kg7 {[%clk 00:01:26]} 32. Rxa6 {[%clk 00:21:53]} {[%emt 00:08:02]}
Qh4 {[%emt 00:03:24]} 33. Qd1 {[%clk 00:08:51]} {[%emt 00:10:55]} Rf4 {[%clk
00:00:52]} {[%emt 00:00:47]} 34. Nd2 {[%clk 00:06:08]} {[%emt 00:03:13]} Rf2
{[%clk 00:00:46]} 35. Qb1 {[%clk 00:04:26]} {[%emt 00:02:48]} Qg3 {[%clk
00:00:39]} 36. Qxg6+ {[%clk 00:03:52]} {[%emt 00:01:41]} Kf8 {[%clk 00:00:50]}
{[%emt 00:00:19]} 37. Ra8+ {[%clk 00:03:07]} {[%emt 00:01:15]} Ke7 {[%clk
00:01:10]} {[%emt 00:00:10]} 38. Qe6# {[%clk 00:03:26]} {[%emt 00:00:08]} 1-0

[Event "Deutsche Ländermeisterschaft 2023"]
[Site "Hannover GER"]
[Date "2023.10.03"]
[Round "4"]
[White "Albert, Markus"]
[Black "Weishäutel, Moritz"]
[Result "0-1"]
[Termination "normal"]
[Board "5.1"]
[BlackTitle "FM"]
[WhiteElo "2160"]
[BlackElo "2403"]
[WhiteClock "00:20:11"]
[BlackClock "00:16:45"]
[WhiteTeam "Bayern"]
[BlackTeam "Thüringen"]
[PlyCount "90"]
[WhiteFideId "16292626"]
[BlackFideId "12967300"]
[EventCountry "GER"]
[EventRounds "7"]
[EventType "team-swiss"]
[EventDate "2023.09.30"]

1. Nc3 {[%clk 01:30:58]} {[%emt 00:00:01]} Nf6 {[%clk 01:30:56]} {[%emt
00:00:05]} 2. e4 {[%clk 01:30:35]} {[%emt 00:00:53]} e5 {[%clk 01:31:22]}
{[%emt 00:00:04]} 3. f4 {[%clk 01:30:25]} {[%emt 00:00:39]} d5 {[%clk
01:31:48]} {[%emt 00:00:04]} 4. fxe5 {[%clk 01:30:33]} {[%emt 00:00:22]} Nxe4
{[%clk 01:32:13]} {[%emt 00:00:05]} 5. Qf3 {[%clk 01:30:30]} {[%emt 00:00:33]}
f5 {[%clk 01:32:38]} {[%emt 00:00:05]} 6. d3 {[%clk 01:29:40]} {[%emt
00:01:20]} Nxc3 {[%clk 01:33:04]} {[%emt 00:00:04]} 7. bxc3 {[%clk 01:30:08]}
{[%emt 00:00:03]} d4 {[%clk 01:33:30]} {[%emt 00:00:04]} 8. Qg3 {[%clk
01:30:29]} {[%emt 00:00:09]} Nc6 {[%clk 01:33:44]} {[%emt 00:00:16]} 9. Nf3
{[%clk 01:30:28]} {[%emt 00:00:31]} dxc3 {[%clk 01:33:26]} {[%emt 00:00:48]}
10. Be2 {[%clk 01:30:08]} {[%emt 00:00:50]} Be6 {[%clk 01:33:45]} {[%emt
00:00:12]} 11. O-O {[%clk 01:30:05]} {[%emt 00:00:32]} Qd7 {[%clk 01:32:16]}
{[%emt 00:01:58]} 12. Be3 {[%clk 01:29:53]} {[%emt 00:00:43]} O-O-O {[%clk
01:31:19]} {[%emt 00:01:27]} 13. a3 {[%clk 01:28:42]} {[%emt 00:01:41]} h6
{[%clk 01:28:00]} {[%emt 00:03:50]} 14. h4 {[%clk 01:22:01]} {[%emt 00:07:11]}
Qd5 {[%clk 01:18:18]} {[%emt 00:10:11]} 15. Rfd1 {[%clk 01:19:48]} {[%emt
00:02:41]} Bc5 {[%clk 01:11:53]} {[%emt 00:06:57]} 16. d4 {[%clk 01:18:01]}
{[%emt 00:02:18]} Qe4 {[%clk 01:10:12]} {[%emt 00:02:11]} 17. dxc5 {[%clk
01:01:56]} {[%emt 00:16:34]} Qxe3+ {[%clk 01:10:27]} {[%emt 00:00:15]} 18. Qf2
{[%clk 01:02:25]} Qf4 {[%clk 01:03:38]} {[%emt 00:07:19]} 19. Bd3 {[%clk
01:02:06]} {[%emt 00:00:49]} Bd5 {[%clk 01:01:36]} {[%emt 00:02:33]} 20. Re1
{[%clk 01:00:28]} {[%emt 00:02:07]} Rhe8 {[%clk 00:59:25]} {[%emt 00:02:41]}
21. Re3 {[%clk 00:57:41]} {[%emt 00:03:17]} Be4 {[%clk 00:56:54]} {[%emt
00:03:01]} 22. g3 {[%clk 00:56:14]} {[%emt 00:01:58]} Qg4 {[%clk 00:57:20]}
{[%emt 00:00:04]} 23. Rae1 {[%clk 00:54:56]} {[%emt 00:01:47]} Nxe5 {[%clk
00:44:48]} {[%emt 00:13:02]} 24. Bxe4 {[%clk 00:53:03]} {[%emt 00:02:23]} fxe4
{[%clk 00:45:13]} {[%emt 00:00:05]} 25. Nh2 {[%clk 00:53:01]} {[%emt 00:00:31]}
Qg6 {[%clk 00:44:57]} {[%emt 00:00:46]} 26. Rxe4 {[%clk 00:51:55]} {[%emt
00:01:37]} Rf8 {[%clk 00:40:30]} {[%emt 00:04:57]} 27. Qg2 {[%clk 00:48:12]}
{[%emt 00:04:13]} Nc6 {[%clk 00:36:23]} {[%emt 00:04:37]} 28. R4e3 {[%clk
00:41:33]} {[%emt 00:07:08]} Qf6 {[%clk 00:34:12]} {[%emt 00:02:41]} 29. Nf3
{[%clk 00:38:08]} {[%emt 00:03:55]} g5 {[%clk 00:32:39]} {[%emt 00:02:04]} 30.
hxg5 {[%clk 00:36:51]} {[%emt 00:01:46]} hxg5 {[%clk 00:33:05]} {[%emt
00:00:04]} 31. Qh3+ {[%clk 00:36:51]} {[%emt 00:00:30]} Kb8 {[%clk 00:32:36]}
{[%emt 00:00:59]} 32. Qg4 {[%clk 00:36:55]} {[%emt 00:00:26]} Nd4 {[%clk
00:31:10]} {[%emt 00:01:57]} 33. Rf1 {[%clk 00:35:04]} {[%emt 00:02:21]} Nxc2
{[%clk 00:30:43]} {[%emt 00:00:56]} 34. Re4 {[%clk 00:26:16]} {[%emt 00:09:18]}
Qf5 {[%clk 00:29:11]} {[%emt 00:02:02]} 35. Qxf5 {[%clk 00:24:48]} {[%emt
00:01:58]} Rxf5 {[%clk 00:29:37]} {[%emt 00:00:04]} 36. c6 {[%clk 00:24:38]}
{[%emt 00:00:40]} Rdf8 {[%clk 00:22:17]} {[%emt 00:07:50]} 37. g4 {[%clk
00:23:02]} {[%emt 00:02:06]} Rf4 {[%clk 00:21:55]} {[%emt 00:00:52]} 38. Rxf4
{[%clk 00:23:09]} {[%emt 00:00:23]} Rxf4 {[%clk 00:22:19]} {[%emt 00:00:06]}
39. Nxg5 {[%clk 00:22:28]} {[%emt 00:01:10]} Rxg4+ {[%clk 00:18:45]} {[%emt
00:04:05]} 40. Kh2 {[%clk 00:22:57]} bxc6 {[%clk 00:18:40]} {[%emt 00:00:35]}
41. Ne6 {[%clk 00:22:21]} {[%emt 00:01:07]} Rc4 {[%clk 00:17:13]} {[%emt
00:01:56]} 42. Nd8 {[%clk 00:20:32]} {[%emt 00:02:20]} Nxa3 {[%clk 00:15:24]}
{[%emt 00:02:19]} 43. Rf8 {[%clk 00:20:54]} {[%emt 00:00:07]} c2 {[%clk
00:15:51]} {[%emt 00:00:03]} 44. Nxc6+ {[%clk 00:20:56]} {[%emt 00:00:28]} Kb7
{[%clk 00:16:19]} {[%emt 00:00:02]} 45. Na5+ {[%clk 00:20:11]} {[%emt
00:01:14]} Ka6 {[%clk 00:16:45]} {[%emt 00:00:04]} 0-1

[Event "Deutsche Ländermeisterschaft 2023"]
[Site "Hannover GER"]
[Date "2023.10.03"]
[Round "4"]
[White "Müller, Magnus"]
[Black "Lohr, Maximilian"]
[Result "0-1"]
[Termination "normal"]
[Board "5.2"]
[WhiteElo "2180"]
[BlackElo "2063"]
[WhiteClock "00:15:57"]
[BlackClock "00:05:37"]
[WhiteTeam "Thüringen"]
[BlackTeam "Bayern"]
[PlyCount "76"]
[WhiteFideId "16230060"]
[BlackFideId "12999717"]
[EventCountry "GER"]
[EventRounds "7"]
[EventType "team-swiss"]
[EventDate "2023.09.30"]

1. e4 {[%clk 01:30:16]} {[%emt 00:00:43]} c5 {[%clk 01:30:30]} {[%emt
00:00:30]} 2. Nf3 {[%clk 01:27:57]} {[%emt 00:02:49]} d6 {[%clk 01:30:44]}
{[%emt 00:00:16]} 3. d4 {[%clk 01:25:39]} {[%emt 00:02:48]} cxd4 {[%clk
01:31:02]} {[%emt 00:00:13]} 4. Nxd4 {[%clk 01:26:02]} {[%emt 00:00:07]} Nf6
{[%clk 01:31:17]} {[%emt 00:00:15]} 5. Nc3 {[%clk 01:26:24]} {[%emt 00:00:08]}
a6 {[%clk 01:31:43]} {[%emt 00:00:05]} 6. a3 {[%clk 01:24:34]} {[%emt
00:02:21]} e5 {[%clk 01:29:06]} {[%emt 00:03:06]} 7. Nf5 {[%clk 01:24:59]}
{[%emt 00:00:05]} d5 {[%clk 01:14:52]} {[%emt 00:14:44]} 8. Bg5 {[%clk
01:18:04]} {[%emt 00:07:25]} d4 {[%clk 01:13:21]} {[%emt 00:02:01]} 9. Bxf6
{[%clk 01:14:59]} {[%emt 00:03:35]} gxf6 {[%clk 01:01:43]} {[%emt 00:12:08]}
10. Nb1 {[%clk 01:15:23]} {[%emt 00:00:06]} Bxf5 {[%clk 00:56:57]} {[%emt
00:05:16]} 11. exf5 {[%clk 01:15:50]} {[%emt 00:00:04]} Qd5 {[%clk 00:57:06]}
{[%emt 00:00:21]} 12. Nd2 {[%clk 01:16:06]} {[%emt 00:00:15]} Bh6 {[%clk
00:54:15]} {[%emt 00:03:20]} 13. Nc4 {[%clk 01:07:18]} {[%emt 00:09:18]} Nd7
{[%clk 00:44:49]} {[%emt 00:09:56]} 14. Qh5 {[%clk 01:01:23]} {[%emt 00:06:25]}
b5 {[%clk 00:43:54]} {[%emt 00:01:26]} 15. Nd6+ {[%clk 00:56:15]} {[%emt
00:05:37]} Qxd6 {[%clk 00:44:14]} {[%emt 00:00:09]} 16. Qxh6 {[%clk 00:56:42]}
{[%emt 00:00:04]} Qc6 {[%clk 00:43:16]} {[%emt 00:01:28]} 17. O-O-O {[%clk
00:48:11]} {[%emt 00:09:02]} Rc8 {[%clk 00:42:03]} {[%emt 00:01:42]} 18. Qd2
{[%clk 00:47:32]} {[%emt 00:01:09]} a5 {[%clk 00:24:57]} {[%emt 00:17:37]} 19.
Kb1 {[%clk 00:36:09]} {[%emt 00:11:53]} b4 {[%clk 00:24:03]} {[%emt 00:01:24]}
20. a4 {[%clk 00:31:25]} {[%emt 00:05:14]} Qxa4 {[%clk 00:23:57]} {[%emt
00:00:36]} 21. Ba6 {[%clk 00:31:51]} {[%emt 00:00:05]} Rc5 {[%clk 00:20:10]}
{[%emt 00:04:16]} 22. Rhe1 {[%clk 00:29:57]} {[%emt 00:02:24]} Kd8 {[%clk
00:16:47]} {[%emt 00:03:53]} 23. f4 {[%clk 00:28:42]} {[%emt 00:01:46]} Kc7
{[%clk 00:15:56]} {[%emt 00:01:21]} 24. g4 {[%clk 00:26:03]} {[%emt 00:03:09]}
Kb6 {[%emt 00:03:33]} 25. Bd3 Rhc8 {[%clk 00:12:52]} {[%emt 00:02:26]} 26. g5
{[%clk 00:24:34]} {[%emt 00:00:34]} fxg5 {[%clk 00:05:43]} {[%emt 00:07:39]}
27. fxe5 {[%clk 00:24:14]} {[%emt 00:00:50]} Nxe5 {[%clk 00:05:41]} {[%emt
00:00:31]} 28. Be4 {[%clk 00:24:34]} {[%emt 00:00:09]} d3 {[%clk 00:05:35]}
{[%emt 00:00:38]} 29. Bxd3 {[%clk 00:21:12]} {[%emt 00:03:51]} Nxd3 {[%clk
00:05:57]} {[%emt 00:00:07]} 30. b3 {[%clk 00:19:19]} {[%emt 00:02:24]} Qb5
{[%clk 00:06:16]} {[%emt 00:00:11]} 31. cxd3 {[%clk 00:16:36]} {[%emt
00:03:13]} Rc3 {[%clk 00:06:19]} {[%emt 00:00:27]} 32. Qe3+ {[%clk 00:14:54]}
{[%emt 00:02:12]} Ka6 {[%clk 00:06:36]} {[%emt 00:00:13]} 33. Rd2 {[%clk
00:14:20]} {[%emt 00:01:05]} Rxb3+ {[%clk 00:06:17]} {[%emt 00:00:49]} 34. Rb2
{[%clk 00:14:44]} {[%emt 00:00:06]} Qxd3+ {[%clk 00:06:24]} {[%emt 00:00:23]}
35. Qxd3+ {[%clk 00:14:57]} {[%emt 00:00:17]} Rxd3 {[%clk 00:06:48]} {[%emt
00:00:05]} 36. Rg2 {[%clk 00:15:20]} {[%emt 00:00:07]} h6 {[%clk 00:05:50]}
{[%emt 00:01:28]} 37. h4 {[%clk 00:15:42]} {[%emt 00:00:08]} gxh4 {[%clk
00:05:38]} {[%emt 00:00:41]} 38. Rg7 {[%clk 00:15:57]} {[%emt 00:00:15]} Rc7
{[%clk 00:05:37]} {[%emt 00:00:31]} 0-1

[Event "Deutsche Ländermeisterschaft 2023"]
[Site "Hannover GER"]
[Date "2023.10.03"]
[Round "4"]
[White "Bardorz, Jana"]
[Black "Bock, Marlon"]
[Result "1/2-1/2"]
[Termination "normal"]
[Board "5.3"]
[WhiteElo "2073"]
[BlackElo "1984"]
[WhiteClock "00:01:48"]
[BlackClock "00:05:27"]
[WhiteTeam "Bayern"]
[BlackTeam "Thüringen"]
[PlyCount "80"]
[WhiteFideId "16208897"]
[BlackFideId "16244931"]
[EventCountry "GER"]
[EventRounds "7"]
[EventType "team-swiss"]
[EventDate "2023.09.30"]

1. e4 {[%clk 01:30:57]} {[%emt 00:00:02]} c5 {[%clk 01:30:57]} {[%emt
00:00:03]} 2. Nf3 {[%clk 01:31:18]} {[%emt 00:00:08]} Nc6 {[%clk 01:31:22]}
{[%emt 00:00:05]} 3. d4 {[%clk 01:31:43]} {[%emt 00:00:06]} cxd4 {[%clk
01:31:49]} {[%emt 00:00:03]} 4. Nxd4 {[%clk 01:32:04]} {[%emt 00:00:09]} Nf6
{[%clk 01:32:15]} {[%emt 00:00:04]} 5. Nc3 {[%clk 01:32:24]} {[%emt 00:00:10]}
e5 {[%clk 01:32:41]} {[%emt 00:00:04]} 6. Ndb5 {[%clk 01:32:45]} {[%emt
00:00:09]} d6 {[%clk 01:33:06]} {[%emt 00:00:06]} 7. Bg5 {[%clk 01:32:56]}
{[%emt 00:00:19]} a6 {[%clk 01:33:31]} {[%emt 00:00:05]} 8. Na3 {[%clk
01:33:13]} {[%emt 00:00:13]} b5 {[%clk 01:33:55]} {[%emt 00:00:05]} 9. Nd5
{[%clk 01:33:15]} {[%emt 00:00:28]} Be7 {[%clk 01:34:18]} {[%emt 00:00:07]} 10.
Bxf6 {[%clk 01:33:38]} {[%emt 00:00:08]} Bxf6 {[%clk 01:34:43]} {[%emt
00:00:04]} 11. c3 {[%clk 01:33:55]} {[%emt 00:00:13]} Bg5 {[%clk 01:35:08]}
{[%emt 00:00:05]} 12. Nc2 {[%clk 01:33:57]} {[%emt 00:00:27]} Rb8 {[%clk
01:35:25]} {[%emt 00:00:14]} 13. a4 {[%clk 01:25:39]} {[%emt 00:08:48]} bxa4
{[%clk 01:35:50]} {[%emt 00:00:06]} 14. Ncb4 {[%clk 01:20:32]} {[%emt
00:05:37]} Nxb4 {[%clk 01:36:12]} {[%emt 00:00:08]} 15. Nxb4 {[%clk 01:19:38]}
{[%emt 00:01:24]} Bd7 {[%clk 01:36:33]} {[%emt 00:00:09]} 16. Bxa6 {[%clk
01:05:44]} {[%emt 00:14:24]} Qa5 {[%clk 01:36:53]} {[%emt 00:00:09]} 17. Qxd6
{[%clk 00:58:00]} {[%emt 00:08:14]} Rb6 {[%clk 01:37:15]} {[%emt 00:00:09]} 18.
Qd5 {[%clk 00:55:59]} {[%emt 00:02:30]} Rxa6 {[%clk 01:16:12]} {[%emt
00:21:33]} 19. Nxa6 {[%clk 00:56:13]} {[%emt 00:00:16]} Qxa6 {[%clk 01:16:36]}
{[%emt 00:00:07]} 20. Qxe5+ {[%clk 00:55:36]} {[%emt 00:01:06]} Be7 {[%clk
01:16:48]} {[%emt 00:00:18]} 21. Rd1 {[%clk 00:48:40]} {[%emt 00:07:26]} f6
{[%clk 01:08:57]} {[%emt 00:08:22]} 22. Qh5+ {[%clk 00:37:49]} {[%emt
00:11:21]} g6 {[%clk 01:08:18]} {[%emt 00:01:09]} 23. Qh6 {[%clk 00:35:43]}
{[%emt 00:02:36]} Be6 {[%clk 00:57:14]} {[%emt 00:11:33]} 24. Qg7 {[%clk
00:33:19]} {[%emt 00:02:54]} Rg8 {[%clk 00:57:18]} {[%emt 00:00:26]} 25. Qxh7
{[%clk 00:32:54]} {[%emt 00:00:55]} a3 {[%clk 00:52:17]} {[%emt 00:05:32]} 26.
bxa3 {[%clk 00:30:18]} {[%emt 00:03:06]} Qc4 {[%clk 00:52:01]} {[%emt
00:00:45]} 27. Qh6 {[%clk 00:24:22]} {[%emt 00:06:26]} Qxc3+ {[%clk 00:26:49]}
{[%emt 00:25:42]} 28. Qd2 {[%clk 00:23:57]} {[%emt 00:00:55]} Qxa3 {[%clk
00:25:06]} {[%emt 00:02:13]} 29. O-O {[%clk 00:22:48]} {[%emt 00:01:39]} Kf7
{[%clk 00:25:16]} {[%emt 00:00:19]} 30. Ra1 {[%clk 00:13:24]} {[%emt 00:09:54]}
Qc5 {[%clk 00:24:26]} {[%emt 00:01:19]} 31. Rfc1 {[%clk 00:13:20]} {[%emt
00:00:35]} Qe5 {[%clk 00:21:01]} {[%emt 00:03:55]} 32. Qe3 {[%clk 00:12:30]}
{[%emt 00:01:20]} g5 {[%clk 00:17:29]} {[%emt 00:04:02]} 33. Ra7 {[%clk
00:11:24]} {[%emt 00:01:36]} Rd8 {[%clk 00:15:27]} {[%emt 00:02:31]} 34. Qf3
{[%clk 00:08:26]} {[%emt 00:03:29]} Rh8 {[%clk 00:13:46]} {[%emt 00:02:11]} 35.
g3 {[%clk 00:07:27]} {[%emt 00:01:29]} g4 {[%clk 00:08:37]} {[%emt 00:05:39]}
36. Qa3 {[%clk 00:01:41]} {[%emt 00:06:16]} Re8 {[%clk 00:08:47]} {[%emt
00:00:20]} 37. Rcc7 {[%clk 00:01:50]} {[%emt 00:00:21]} Bc8 {[%clk 00:08:09]}
{[%emt 00:01:08]} 38. Qc1 {[%clk 00:01:21]} {[%emt 00:00:59]} Qxe4 {[%clk
00:04:44]} {[%emt 00:03:56]} 39. Rxc8 {[%clk 00:01:25]} {[%emt 00:00:26]} Rxc8
{[%clk 00:05:05]} {[%emt 00:00:08]} 40. Qxc8 {[%clk 00:01:48]} {[%emt
00:00:07]} Qe1+ {[%clk 00:05:27]} {[%emt 00:00:08]} 1/2-1/2

[Event "Deutsche Ländermeisterschaft 2023"]
[Site "Hannover GER"]
[Date "2023.10.03"]
[Round "4"]
[White "Aniol, Nico"]
[Black "Stichter, Constantin Paul"]
[Result "1-0"]
[Termination "normal"]
[Board "5.4"]
[WhiteElo "1748"]
[BlackElo "1945"]
[WhiteClock "01:07:40"]
[BlackClock "00:53:06"]
[WhiteTeam "Thüringen"]
[BlackTeam "Bayern"]
[PlyCount "51"]
[WhiteFideId "16287096"]
[BlackFideId "34603140"]
[EventCountry "GER"]
[EventRounds "7"]
[EventType "team-swiss"]
[EventDate "2023.09.30"]

1. e4 {[%clk 01:30:57]} {[%emt 00:00:02]} e6 {[%clk 01:30:56]} {[%emt
00:00:05]} 2. d4 {[%clk 01:31:21]} {[%emt 00:00:06]} d5 {[%clk 01:31:22]}
{[%emt 00:00:04]} 3. e5 {[%clk 01:31:47]} {[%emt 00:00:04]} c5 {[%clk
01:31:46]} {[%emt 00:00:06]} 4. c3 {[%clk 01:32:11]} {[%emt 00:00:05]} Nc6
{[%clk 01:32:11]} {[%emt 00:00:05]} 5. Nf3 {[%clk 01:32:37]} {[%emt 00:00:05]}
Bd7 {[%clk 01:32:33]} {[%emt 00:00:07]} 6. Be2 {[%clk 01:33:01]} {[%emt
00:00:05]} Nge7 {[%clk 01:32:53]} {[%emt 00:00:11]} 7. Na3 {[%clk 01:33:20]}
{[%emt 00:00:11]} Nf5 {[%clk 01:33:15]} {[%emt 00:00:08]} 8. Nc2 {[%clk
01:33:46]} {[%emt 00:00:04]} Rc8 {[%clk 01:33:39]} {[%emt 00:00:05]} 9. O-O
{[%clk 01:33:51]} {[%emt 00:00:24]} Be7 {[%clk 01:33:59]} {[%emt 00:00:11]} 10.
Kh1 {[%clk 01:29:42]} {[%emt 00:04:38]} cxd4 {[%clk 01:30:08]} {[%emt
00:04:22]} 11. cxd4 {[%clk 01:30:05]} {[%emt 00:00:07]} Nb4 {[%clk 01:29:17]}
{[%emt 00:01:21]} 12. Nxb4 {[%clk 01:26:59]} {[%emt 00:03:36]} Bxb4 {[%clk
01:29:37]} {[%emt 00:00:10]} 13. Qb3 {[%clk 01:20:22]} {[%emt 00:07:08]} Qb6
{[%clk 01:27:48]} {[%emt 00:02:19]} 14. Bd3 {[%clk 01:14:33]} {[%emt 00:06:19]}
Bb5 {[%clk 01:19:30]} {[%emt 00:08:47]} 15. Bxb5+ {[%clk 01:12:03]} {[%emt
00:03:01]} Qxb5 {[%clk 01:19:59]} {[%emt 00:00:01]} 16. Bd2 {[%clk 01:12:22]}
{[%emt 00:00:11]} Rc4 {[%clk 01:07:29]} {[%emt 00:13:00]} 17. a3 {[%clk
01:09:11]} {[%emt 00:03:40]} Nxd4 {[%clk 01:03:52]} {[%emt 00:04:07]} 18. Nxd4
{[%clk 01:09:24]} {[%emt 00:00:17]} Rxd4 {[%clk 01:04:03]} {[%emt 00:00:18]}
19. axb4 {[%clk 01:08:17]} {[%emt 00:01:37]} Rxd2 {[%clk 01:01:07]} {[%emt
00:03:25]} 20. Qc3 {[%clk 01:08:43]} {[%emt 00:00:05]} Qe2 {[%clk 00:56:52]}
{[%emt 00:04:45]} 21. Qc8+ {[%clk 01:09:09]} {[%emt 00:00:04]} Ke7 {[%clk
00:57:15]} {[%emt 00:00:06]} 22. Qxh8 {[%clk 01:09:35]} {[%emt 00:00:04]} Qxe5
{[%clk 00:57:36]} {[%emt 00:00:08]} 23. Qc8 {[%clk 01:08:38]} {[%emt 00:01:27]}
Rxb2 {[%clk 00:57:28]} {[%emt 00:00:39]} 24. Qxb7+ {[%clk 01:09:04]} {[%emt
00:00:05]} Kf6 {[%clk 00:57:45]} {[%emt 00:00:13]} 25. Rxa7 {[%clk 01:07:48]}
{[%emt 00:01:46]} Qh5 {[%clk 00:53:06]} {[%emt 00:05:08]} 26. Qe7+ {[%clk
01:07:40]} {[%emt 00:00:37]} 1-0